Praktikum z pracovného práva (Vybrané kapitoly pre ekonómov)

Guardado en:
Detalles Bibliográficos
Autor principal: Hudecová, Eva
Formato: Libro
Lenguaje:eslovaco
Publicado: Banská Bystrica Univerzita Mateja Bela, Ekonomická fakulta v Banskej Bystrici 2009
Materias:
Etiquetas: Agregar Etiqueta
Sin Etiquetas, Sea el primero en etiquetar este registro!

MARC

LEADER 00000nam$a2200000$$$4500
001 0093583
005 20230118113405.4
020 |a 978-80-8083-714-3 
041 0 |a slo 
044 |a SK 
245 1 0 |a Praktikum z pracovného práva  |b (Vybrané kapitoly pre ekonómov)  |c Eva Hudecová a kolektív 
264 1 |a Banská Bystrica  |b Univerzita Mateja Bela, Ekonomická fakulta v Banskej Bystrici  |c 2009 
300 |a 59 s. 
610 2 0 |a právo pracovné 
610 2 0 |a zamestnávatelia 
610 2 0 |a zamestnanci 
610 2 0 |a pomer pracovný 
610 2 0 |a čas pracovný 
610 2 0 |a dovolenka 
610 2 0 |a vzdelávanie 
610 2 0 |a zodpovednosť za škody 
610 2 0 |a dohody 
610 2 0 |a zmluvy 
610 2 0 |a vzory 
100 1 |a Hudecová, Eva